000 01249nam0a2200277 4500
001 RU\NLR\bibl\1307102
005 20260405064906.0
010 _a978-5-279-03247-1
_92000
021 _aRU
_b2008-83450
_94865
035 _a(NLR Aleph) 001292606
090 _a568842
_c568842
100 _a20081212d2008 |||y0rusy50 ca
101 0 _arus
102 _aRU
105 _aa |||||||||
200 1 _aТуроперейтинг: организация деятельности
_eучебник для студентов высших учебных заведений туристского профиля
_fЕ.Н. Ильина
_gРос. междунар. акад. туризма
210 _aМосква
_cФинансы и статистика
_d2008
215 _a239 с.
_cил.
_d21
606 1 _aТуристы
_jУчебные издания для высших учебных заведений
_xОбслуживание
_91805569
_3RU\NLR\auth\66813868
686 _aЧ518.14(2)я73
700 1 _4070
_8rus
_7ca
_aИльина
_bЕ.Н.
_cэкономика туризма
_gЕлена Николаевна
_3RU\NLR\auth\7722847
_95902
801 0 _aRU
_bNLR
_c20081212
_gRCR
801 1 _aRU
_bNLR
_c20081212
942 _cBOOK
980 _aNB